Úkol naší doby / José Ortega y Gasset ; [ze španělského originálu ... přeložil a doslovem opatřil Josef Forbelský]
Do svazku byla pojata raná myšlenková produkce význačného španělského filozofa existence a života. Studie Úkol naší doby, kde autor rozvíjí svou teorii perspektivismu, podle níž každá generace i epocha jsou nástrojem nezastupitelného poznání a každý jedinec představuje "jedno podstatné hledisko", je doprovázena dvěma menšími pracemi (Zánik revolucí, Ani vitalismus, ani racionalismus), jež jsou s ní tematicky spojeny. Pro obsah knížky je charakteristická ostrost Ortegova pohledu, kterou uplatňoval ve snaze dobrat se pravdy o vztahu našeho života a poznání.
Record details
- Physical Description: 123 s. ; 18 cm
- Edition: Vyd. 1.
- Publisher: Praha : Mladá fronta, 1969
Content descriptions
| Bibliography, etc. Note: | Obsahuje bibliografické odkazy |
Search for related items by subject
| Subject: | filozofie perspektivismus život |
| Genre: | úvahy |
Search for related items by series
Available copies
- 2 of 2 copies available at Common Catalog SPOK.
Holds
- 0 current holds with 2 total copies.
Show Only Available Copies
| Location | Call Number / Copy Notes | Barcode | Shelving Location | Status | Due Date |
|---|---|---|---|---|---|
| Jabok Library | FL-3/Or | 424480004394 | Odborná literatura | Available | - |
| Jabok Library | FL-3/Or | 424480020548 | Odborná literatura | Available | - |
| LDR | 02129nam a22004451a 4500 | ||
|---|---|---|---|
| 001 | 13858 | ||
| 003 | CZ-PrJAB | ||
| 005 | 20220622091937.0 | ||
| 007 | ta | ||
| 008 | 971013s1969 xr e 000 0 cze | ||
| 015 | . | ‡acnb000495433 | |
| 020 | . | ‡q(Brož.) : ‡cKčs 11,00 | |
| 035 | . | ‡a(CZ PrNK)bk197001306 | |
| 035 | . | ‡a(OCoLC)85354864 | |
| 040 | . | ‡aABA001 ‡bcze ‡cULG001 ‡dABA001 | |
| 041 | 1 | . | ‡acze ‡hspa |
| 072 | 7. | ‡a101 ‡xFilozofie ‡2Konspekt ‡95 | |
| 080 | . | ‡a101 ‡2MRF | |
| 080 | . | ‡a165.724 ‡2MRF | |
| 080 | . | ‡a128 ‡2MRF | |
| 080 | . | ‡a(0:82-4) ‡2MRF | |
| 100 | 1 | . | ‡aOrtega y Gasset, José, ‡d1883-1955 ‡7jn19990006282 ‡4aut |
| 245 | 1 | 0. | ‡aÚkol naší doby / ‡cJosé Ortega y Gasset ; [ze španělského originálu ... přeložil a doslovem opatřil Josef Forbelský] |
| 250 | . | ‡aVyd. 1. | |
| 260 | . | ‡aPraha : ‡bMladá fronta, ‡c1969 ‡f(Mír 5) | |
| 300 | . | ‡a123 s. ; ‡c18 cm | |
| 490 | 1 | . | ‡aVáhy ; ‡vsv. 7 |
| 504 | . | ‡aObsahuje bibliografické odkazy | |
| 520 | . | ‡aDo svazku byla pojata raná myšlenková produkce význačného španělského filozofa existence a života. Studie Úkol naší doby, kde autor rozvíjí svou teorii perspektivismu, podle níž každá generace i epocha jsou nástrojem nezastupitelného poznání a každý jedinec představuje "jedno podstatné hledisko", je doprovázena dvěma menšími pracemi (Zánik revolucí, Ani vitalismus, ani racionalismus), jež jsou s ní tematicky spojeny. Pro obsah knížky je charakteristická ostrost Ortegova pohledu, kterou uplatňoval ve snaze dobrat se pravdy o vztahu našeho života a poznání. | |
| 650 | 0 | 7. | ‡afilozofie ‡7ph114540 ‡2czenas |
| 650 | 0 | 7. | ‡aperspektivismus ‡7ph319052 ‡2czenas |
| 650 | 0 | 7. | ‡aživot ‡7ph128022 ‡2czenas |
| 655 | 7. | ‡aúvahy ‡7fd134000 ‡2czenas | |
| 700 | 1 | . | ‡aForbelský, Josef, ‡d1930- ‡7jk01031550 ‡4trl ‡4aft |
| 765 | 0 | . | ‡tTema de nuestro tiempo ‡9Česky |
| 830 | 0. | ‡aVáhy (Mladá fronta) | |
| 910 | . | ‡aABG312 | |
| 964 | . | ‡aFilozofie - úvahy | |
| 964 | . | ‡aOrtega y Gasset, José (1883-1955 filozof špan.) - život a dílo | |
| 901 | . | ‡a13858 ‡bUnknown ‡c13858 ‡tbiblio | |